भारतीय साहित्य के निर्माता ईश्वरचंद्र गुप्त / (Record no. 119042)

MARC details
000 -LEADER
fixed length control field 01353nam a22002777a 4500
005 - DATE AND TIME OF LATEST TRANSACTION
control field 20170124103125.0
010 ## - LIBRARY OF CONGRESS CONTROL NUMBER
LC control number A-777042
020 ## - INTERNATIONAL STANDARD BOOK NUMBER
Terms of availability 05.00
035 ## - SYSTEM CONTROL NUMBER
System control number A-777042
037 ## - SOURCE OF ACQUISITION
Source of stock number/acquisition Cen Lib/Ret
040 ## - CATALOGING SOURCE
Original cataloging agency DPL
Language of cataloging HN
082 ## - DEWEY DECIMAL CLASSIFICATION NUMBER
Classification number 891.44108
Item number चौधरी
100 ## - MAIN ENTRY--PERSONAL NAME
Personal name चौधरी , नारायण
9 (RLIN) 115160
245 ## - TITLE STATEMENT
Title भारतीय साहित्य के निर्माता ईश्वरचंद्र गुप्त /
Statement of responsibility, etc नारायण चौधरी ; अनुवादक राजेस राहुल
246 ## - VARYING FORM OF TITLE
Title proper/short title Bhartiya sahitya ke nirmata Ishwarchandr gupt
Remainder of title by Narayan Choudhary ; anuvadak Rajes Rahul
260 ## - PUBLICATION, DISTRIBUTION, ETC. (IMPRINT)
Place of publication, distribution, etc नई दिल्ली
Name of publisher, distributor, etc साहित्य अकादेमी
Date of publication, distribution, etc 1988
270 ## - ADDRESS
Address रविन्द्र भवन 35, फिरोज़शाह मार्ग
City नई दिल्ली
Postal code 110001
300 ## - PHYSICAL DESCRIPTION
Extent 60पृष्ठ.
Dimensions 21सेमी(सजिल्द)
500 ## - GENERAL NOTE
General note
650 ## - SUBJECT ADDED ENTRY--TOPICAL TERM
Topical term or geographic name as entry element हिंदी साहित्य
9 (RLIN) 115161
650 ## - SUBJECT ADDED ENTRY--TOPICAL TERM
Topical term or geographic name as entry element कवि के रूप में - ईश्वरचंद्र
9 (RLIN) 83079
650 ## - SUBJECT ADDED ENTRY--TOPICAL TERM
Topical term or geographic name as entry element Hindi literature
9 (RLIN) 115162
650 ## - SUBJECT ADDED ENTRY--TOPICAL TERM
Topical term or geographic name as entry element As poet - Ishwarchandra
9 (RLIN) 83081
700 ## - ADDED ENTRY--PERSONAL NAME
Personal name राहुल , राजेस
9 (RLIN) 115163
942 ## - ADDED ENTRY ELEMENTS (KOHA)
Source of classification or shelving scheme Dewey Decimal Classification
Koha item type Hindi Books
Classification part 891.44108
Call number suffix चौधरी
Holdings
Withdrawn status Lost status Damaged status Not for loan Home library Current library Date acquired Source of acquisition Cost, normal purchase price Total Checkouts Full call number Barcode Date last seen Copy number Cost, replacement price Price effective from Koha item type
        Central Library Central Library 15/09/2015 Cen Lib/Ret 5.00   891.44108 चौधरी A-777042 15/09/2015 1 5.00 15/09/2015 Hindi Books

© Delhi Public Library
Hit Counter
free hit counter